00385nam a2200157Ia 4500008004100000020001800041041000800059082001900067100002200086245002400108250002000132260001800152300000800170365001600178700003300194230718s9999 xx 000 0 und d a9788122418187 aeng a629.8'312bBHA aBhattacharya S.K. aControl Of Machines aRevised 2nd ed. c2014bNew Age a337 cRs.b250.00 aBhattacharya S.K. & Singh B.